Differential Geometry of Curves and Suffaces /

Na minha lista:
Detalhes bibliográficos
Autor principal: Tapp, Kristopher
Formato: Livro
Publicado em: Switzerland Springer 2016
Edição:1. vyd.
Tags: Adicionar Tag
Sem tags, seja o primeiro a adicionar uma tag!

MARC

LEADER 00000nam a22000003a 4500
001 0064855
003 SK-STU
005 20180503111740.7
007 ta
008 180503s ----xo-----e------000-0-----d
020 |a 978-3-319-39798-6 
040 |a STU  |b slo 
100 1 |a Tapp, Kristopher 
245 1 0 |a Differential Geometry of Curves and Suffaces /  |c Kristopher Tapp 
250 |a 1. vyd. 
260 |a Switzerland  |b Springer  |c 2016 
300 |a 366 s. 
996 |b 284J045424  |c J* 118373  |l JJSK  |s A  |a 24  |w 0064855_0001